Civilización. Occidente y el resto
Saved in:
| Main Author: | |
|---|---|
| Format: | Book |
| Language: | Spanish |
| Published: |
Barcelona, España
Random House Mondadori
2013
|
| Edition: | Tercera edición |
| Subjects: | |
| Tags: |
Add Tag
No Tags, Be the first to tag this record!
|
MARC
| LEADER | 00000cam a2200000 a 4500 | ||
|---|---|---|---|
| 001 | UCC2784 | ||
| 003 | CL-VaPUC | ||
| 005 | 20210615001536.0 | ||
| 008 | 180323e20130000mx |||||||||||||||||spa|d | ||
| 999 | |c 433040 |d 433038 | ||
| 020 | |a 978-84-9992-066-5 | ||
| 040 | |c Pontificia Universidad Católica de Valparaíso | ||
| 082 | 0 | 4 | |a 824 FER 2012 |2 21 |
| 100 | 0 | |a Ferguson, Niall |e author |9 596803 | |
| 245 | 1 | 0 | |a Civilización. |b Occidente y el resto |
| 250 | |a Tercera edición | ||
| 260 | |a Barcelona, España |b Random House Mondadori |c 2013 | ||
| 300 | |a 508 páginas | ||
| 500 | |a Donación VRA N. Vásquez L. | ||
| 583 | |a last modification |c 20180323 15:33:00 |k Cristina Rojas | ||
| 650 | 0 | |a Ensayos ingleses |9 265096 | |
| 650 | 0 | |a Globalización |9 361930 | |
| 650 | 0 | |a Civilización |9 255823 | |
| 942 | |c BK |2 ddc | ||
| 945 | |d 20180323 15:33:00 |a dcastane | ||
| 952 | |0 0 |1 0 |2 ddc |4 0 |6 824_000000000000000_FER_2013 |7 0 |8 A |9 577998 |a BIBHIS |b BIBHIS |d 2021-06-03 |i 5621836 |o 824 FER 2013 |p 5621836 |r 2025-01-20 |t 1 |w 2021-06-03 |y BK |k HIS | ||